000 00316 a2200145 4500
001 179355
020 _a
040 _cMagnum
100 _a-
240 1 0 _aNegrinho do pastoreio/edelbra
_lpor
245 1 0 _aNegrinho do pastoreio/edelbra
362 0 _a1899
697 _aMAGNITO: I/LENDAS, FOLCLORE
942 _cBK
999 _c179355
_d179355